Liverpool Goalscorers 2025/2026 - Statistics

General Stats
  • This quiz has been taken 40 times
    9 since last reset
  • The average score is 15 of 16
Answer Stats
Goals Players % Correct
4 Alexander Isak
100%
5 Alexis Mac Allister
100%
3 Andy Robertson
100%
13 Dominik Szoboszlai
100%
7 Florian Wirtz
100%
17 Hugo Ekitike
100%
2 Ibrahima Konaté
100%
12 Mohamed Salah
100%
2 Rio Ngumoha
100%
6 Ryan Gravenberch
100%
8 Virgil van Dijk
100%
9 Cody Gakpo
80%
3 Curtis Jones
80%
2 Jeremie Frimpong
80%
2 Miloš Kerkez
80%
3 Federico Chiesa
60%
No matching quizzes found
Score Distribution
Percent of People with Each Score
Percentile by Number Answered
Your Score History
You have not taken this quiz since the last reset